LEADER 02721nam 2200517 450 001 9910794704303321 005 20220424125308.0 010 $a1-4744-0147-3 024 7 $a10.1515/9781474401470 035 $a(CKB)4340000000196028 035 $a(MiAaPQ)EBC5012212 035 $a(DE-B1597)616138 035 $a(DE-B1597)9781474401470 035 $a(OCoLC)1312726691 035 $a(EXLCZ)994340000000196028 100 $a20171004h20172017 uy 0 101 0 $aeng 135 $aurcnu|||||||| 181 $2rdacontent 182 $2rdamedia 183 $2rdacarrier 200 10$aIntelligence Arabic /$fJulie C. Manning ; with Elisabeth Kendall 210 1$aEdinburgh, [Scotland] :$cEdinburgh University Press,$d2017. 210 4$dİ2017 215 $a1 online resource (249 pages) 225 1 $aEssential Middle Eastern Vocabularies 311 $a1-4744-0146-5 320 $aIncludes bibliographical references and index. 327 $tFrontmatter -- $tCONTENTS -- $tAcknowledgments -- $tUser Guide -- $tIntroduction -- $t1. General -- $t2. Analysis -- $t3. Human Intelligence (HUMINT) -- $t4. Operations -- $t5. Counterintelligence (Cl) -- $t6. Signals Intelligence (SIGINT) -- $t7. Acronyms -- $tSelect Bibliography -- $tIndex 330 $aContains user-friendly lists of Arabic-English intelligence terms with brief definitionsWhat is the Arabic term for ?Double Agent?? How would you say ?Plausible Deniability?? Can you recognise the phrase 'False-flag Recruitment'? Or ?Canary Trap??This short, accessible vocabulary gives you ready-made lists of over 1000 key terms in intelligence Arabic for translating both from and into Arabic and includes brief definitions. It is divided into seven key areas:General termsAnalysisHuman intelligenceOperationsCounterintelligenceSignals intelligenceAcronymsKey featuresPresents a comprehensive list of 1000 intelligence terms searchable in Arabic and English, with brief definitionsTerms are ordered alphabetically in English within each section; an Arabic index eases the search for terms in this language Online audio materials aid learning and help self-assessment 410 0$aEssential Middle Eastern vocabularies. 606 $aArabic language$vTextbooks for foreign speakers$xEnglish 606 $aArabic language$xVocabulary 615 0$aArabic language$xEnglish. 615 0$aArabic language$xVocabulary. 676 $a492.782421 686 $aEN 1740$2rvk 700 $aManning$b Julie C.$01538107 702 $aKendall$b Elisabeth 801 0$bMiAaPQ 801 1$bMiAaPQ 801 2$bMiAaPQ 906 $aBOOK 912 $a9910794704303321 996 $aIntelligence Arabic$93787880 997 $aUNINA LEADER 01238nas 2200397- 450 001 9910247448403321 005 20241204164916.0 011 $a2560-8304 035 $a(OCoLC)1076422892 035 $a(CKB)4100000001207450 035 $a(CONSER)--2020225001 035 $a(MiAaPQ)4385532 035 $a(DE-599)ZDB2931373-9 035 $a(EXLCZ)994100000001207450 100 $a20181029c2017uuuu --- - 101 0 $aeng 135 $aur||||||||||| 181 $ctxt$2rdacontent 182 $cc$2rdamedia 183 $acr$2rdacarrier 200 00$aCanadian Journal of Biotechnology 210 1$aSaint-Hubert, QC :$cCanadian Journal of Biotechnology 210 31$aLongueuil, QC :$cScience Planet Inc. 215 $a1 online resource 300 $aInformation about earliest publisher from ISSN Portal record for 2560-8304 (viewed December 26, 2019). 300 $aRefereed/Peer-reviewed 517 1 $aCJB 606 $aBiotechnology$vPeriodicals 606 $aBiotechnology$2fast$3(OCoLC)fst00832729 608 $aPeriodicals.$2fast 615 0$aBiotechnology 615 7$aBiotechnology. 906 $aJOURNAL 912 $a9910247448403321 996 $aCanadian Journal of Biotechnology$92123072 997 $aUNINA